000 00312nam a22001337a 4500
008 190227b xxu||||| |||| 00| 0 eng d
020 _a1133945260
041 _aeng
080 _a371
100 _a25
101 _aEDU
245 _aPlugges in. Succeeding as an Online Learner
_cEnglish, J.A
942 _2udc
_cBK
999 _c54383
_d54383